Normal view
MARC view
- Shanley, F. R
Entry Personal Name
001 - CONTROL NUMBER
- control field: 40758
003 - CONTROL NUMBER IDENTIFIER
- control field: NUST
005 - DATE AND TIME OF LATEST TRANSACTION
- control field: 20210314131855.0
008 - FIXED-LENGTH DATA ELEMENTS
- fixed length control field: 210314|| aca||aabn | a|a d
040 ## - CATALOGING SOURCE
- Original cataloging agency: NUST
- Transcribing agency: NUST
100 ## - HEADING--PERSONAL NAME
- Personal name: Shanley, F. R
670 ## - SOURCE DATA FOUND
- Source citation: Work cat.: (NUST): Shanley, F. R., Mechanics of materials, [1967]
